000 00344nam a2200133Ia 4500
008 231221s9999 xx 000 0 und d
020 _a978-1-4614-3085-8
041 _aEnglish
100 _aRichard Berk
245 0 _aCriminal Justice Forecasts of Risk
260 _c2012
_bSpringer US
_aNew York
650 _aComputer Science
942 _cEB
999 _c218804
_d218804